Logo Biblioteca

Archivo Mikielievich : (Registro nro. 229)

Detalles MARC
000 -LEADER
fixed length control field 02107nam a22002057a 4500
003 - CONTROL NUMBER IDENTIFIER
control field OSt
005 - DATE AND TIME OF LATEST TRANSACTION
control field 20240416101857.0
008 - FIXED-LENGTH DATA ELEMENTS--GENERAL INFORMATION
fixed length control field 240416s2019 ag ||||| |||| 00| 0 spa d
020 ## - INTERNATIONAL STANDARD BOOK NUMBER
International Standard Book Number 9789871912971
040 ## - CATALOGING SOURCE
Transcribing agency besoc
100 1# - MAIN ENTRY--PERSONAL NAME
Personal name Brasca, Érica
Relator term autor
245 ## - TITLE STATEMENT
Title Archivo Mikielievich :
Remainder of title Obras y colecciones /
Statement of responsibility, etc. Érica Brasca, Ernesto Inouye, Bernardo Orge
260 ## - PUBLICATION, DISTRIBUTION, ETC.
Place of publication, distribution, etc. Rosario :
Name of publisher, distributor, etc. emr,
Date of publication, distribution, etc. 2019
300 ## - PHYSICAL DESCRIPTION
Extent 207 p.
520 ## - SUMMARY, ETC.
Summary, etc. La ciudad de Rosario fue el denominador común de todos los proyectos que emprendió Wladimir C. Mikielievich (1904-1999) a lo largo de siete décadas de intensa actividad intelectual. Colaboró con numerosos diarios y revistas sobre temas históricos rosarinos; fue director general de Estadística de la Municipalidad; coordinó la junta de Nomenclatura Urbana que dio nombre a más de trescientas calles; tuvo a su cargo la organización local del Censo General de la Nación en 1947 y 1960; recabó en el Archivo General de Indias de Sevilla documentos sobre los orígenes de la ciudad; fundó y presidió la Sociedad de Historia de Rosario; elaboró un voluminoso Diccionario de Rosario de 54 tomos; conformó la colección particular de diarios y revistas locales más amplia de la que se tenga registro y consignó en un catálogo todas las publicaciones aparecidas en la ciudad desde mediados del siglo XIX hasta fines de la década de 1980; formó una biblioteca de casi siete mil volúmenes y distintas colecciones de fotografías, mapas y planos, volantes políticos, partituras, guías turísticas, postales autografiadas, etiquetas, membretes y folletos, siempre con el mismo tema.<br/>El Archivo Mikielievich es el resultado final de una vida avocada a estudiar y recopilar documentos y testimonios sobre la historia de Rosario. Este libro propone una primera aproximación a los materiales que lo componen y, al mismo tiempo, deja traslucir la visión de quien los reunió. [Nota del editor]
600 ## - SUBJECT ADDED ENTRY--PERSONAL NAME
Personal name Mikielievich, Wladimir
Dates associated with a name (1904-1999)
General subdivision Historia
Geographic subdivision Rosario
700 1# - ADDED ENTRY--PERSONAL NAME
Personal name Inouye, Ernesto
Relator term autor
700 1# - ADDED ENTRY--PERSONAL NAME
Personal name Orge, Bernardo
Relator term autor
942 ## - ADDED ENTRY ELEMENTS (KOHA)
Source of classification or shelving scheme Universal Decimal Classification
Koha item type Obra General
Suppress in OPAC No
Existencias
Withdrawn status Lost status Source of classification or shelving scheme Damaged status Not for loan Collection Home library Current library Date acquired Total checkouts Full call number Barcode Date last seen Price effective from Koha item type
    Universal Decimal Classification     Colección General Biblioteca Escuela de Ciencias Sociales Biblioteca Escuela de Ciencias Sociales 16/04/2024   94(821.6) M636 000039 16/04/2024 16/04/2024 Obra General
Biblioteca de la Escuela Preuniversitaria en Ciencias Sociales y Humanísticas.
Riobamba 250 bis.
CP 2000 - Rosario - Santa Fe
E-Mail: biblioteca@esociales.unr.edu.ar